000 00402nam a2200169Ia 4500
003 GCL
008 140319s9999 xx 000 0 eng d
040 _aGCL /
_cGCL
082 0 4 _a690
_bP M
100 1 _aPESSEY, CHRISTIAN
245 1 0 _aLA MACONNERIE /
_cPESSEY, CHRISTIAN
700 1 _aGUEDJ, MARCEL
260 _a[S.N] :
_bCIL ،
_c1987
300 _a126 P
650 0 4 _aBULING
942 _2ddc
_cBK
999 _c12425
_d12425